000 00537nam a2200181Ia 4500
999 _c11180
_d11180
003 OSt
005 20200104115620.0
008 190216s9999||||xx |||||||||||||| ||und||
020 _a9788174468574
040 _coclc
082 _a330.03
_bLOK/D
100 _aLoganathan, M S
_91060
245 0 _aDictionary Of Economics /
_cM S Loganathan ; B Nandhakumar
260 _bExcel Books,
_c2010.
_aNew Delhi:
300 _a247p
650 _aEconomics
_xDictionaries
942 _cREF
_2ddc
_h330.03
_iLOK/D
_k330.03
_mLOK/D